Escolas de Samba campeãs do carnaval de São Paulo - Statistics

Estatísticas Gerais
  • Esse quiz foi jogado 135 vezes
    114 desde o último reset
  • A pontuação média é 9 de 15
Estatísticas das Respostas
Títulos Escolas de Samba % Correto
4 Gaviões da Fiel
95%
2 Mancha Verde
91%
15 Vai-Vai
82%
12 Mocidade Alegre
81%
7 Rosas de Ouro
78%
2 Acadêmicos do Tatuapé
70%
3 Império de Casa Verde
66%
9 Camisa Verde e Branco
64%
11 Nenê de Vila Matilde
64%
2 X-9 Paulistana
59%
1 Águia de Ouro
57%
5 Unidos do Peruche
47%
7 Lavapés Pirata Negro
12%
1 Brasil de Santos
7%
1 Garotos do Itaim
5%
Nenhum quiz correspondente encontrado
Distribuição das Pontuações
Porcentagem de Pessoas com Cada Pontuação
Percentil de Números Respondidos
Sua Pontuação Histórica
Você não jogou esse quiz desde o último reset